000 02550nkm0a2200445 4500
001 RU\NLR\BIBL_A\011783413
005 20260204000000.0
010 _d3 р.
020 _aRU
_b895/88
_9ЛЕНИНГРАД В ВЕЛИКОЙ ОТЕЧЕСТВЕННОЙ ВОЙНЕ: Печать Ленинграда, 1941 - 1945: каталог изданий, хранящихся в фондах Государственной Публичной библиотеки, вып.2. Листовки,плакаты,открытки,альбомы/Гос.публ.б-ка им.М.Е.Салтыкова-Щедрина. - Ленинград,1972
035 _a(NLR Aleph) 011783413
090 _a76010
_c76010
100 _a20180906d1943 m y0rusy50 ca
101 0 _arus
102 _aRU
116 _adiycxx bi ad
135 _acrcn 024anaba
200 1 _aВесенние работы Красной Армии
_b[Плакат]
_fХудож. Н.Е. Муратов
_gЛенинградский союз советских художников
210 _aЛ.
_cЛССХ
_d[1943]
215 _a1 л.
_cхромолитогр.
_d51x35 см
225 2 _aБоевой карандаш
_e[Серия плакатов]
_h№ 88
325 _aКопия доступна в электронной библиотеке РНБ
606 1 _aБлокада Ленинграда
_z1941 - 1944
_jПлакаты
_2nlr_sh1
_2nlr_sh2
_3RU\NLR\AUTH\661253360
608 _aПлакаты общественно-политические
_2nlr_sh2
610 0 _aПлакаты
610 2 _aЛенинградский союз советских художников
702 1 _aМуратов
_bН.Е.
_cрусский советский художник-график
_f1908-1992
_gНиколай Евгеньевич
_4040
712 0 2 _aЛенинградский союз советских художников
_3RU\NLR\AUTH\889984698
_4570
801 2 _aRU
_bNLR
_c20140815
_2rusmarc
852 _aNLR
_bЛ3-310 п
_j29/2-2-88
856 0 _uhttp://vivaldi.nlr.ru/la000070456/view
856 1 _uhttp://vivaldi.nlr.ru/la000070456/cover
856 2 _uhttp://vivaldi.nlr.ru/la000070456/text
942 _cVISUAL
945 _aРоссийская национальная библиотека
980 _aNB
980 _aBV
981 3 7 _a(37) Ленинград в Великой Отечественной войне
981 1 7 _a(17) Изографические материалы
_b(17) Плакаты